000 004890000a22001690004500
003 MACL
005 20160410134637.0
008 160410b xxu||||| |||| 00| 0 eng d
040 _aMACL
_cMACL
041 _aHindi
082 _a500
100 _aगर्ग अमित
_947711
245 _a101 साइंस प्रोजेक्‍ट़स
260 _aनई दिल्‍ली
_bसुधा बुक मार्ट
_c2011
350 _a300
942 _cHIN
_k500
_2ddc
999 _c48177
_d48177